|
|
|
|
| LEADER |
00000nam0a2200000 4500 |
| 001 |
360297 |
| 005 |
20250211063214.0 |
| 035 |
|
|
|a (RuTPU)RU\TPU\retro\17622
|
| 035 |
|
|
|a RU\TPU\retro\17603
|
| 090 |
|
|
|a 360297
|
| 100 |
|
|
|a 20210325d1972 k y0rusy5003 ca
|
| 101 |
0 |
|
|a rus
|
| 102 |
|
|
|a RU
|
| 105 |
|
|
|a y z 001zy
|
| 200 |
1 |
|
|a Информационно-измерительная техника
|e [тематический сборник]
|f Московский энергетический институт ; под ред. В. И. Диденко
|
| 210 |
|
|
|a Москва
|c Изд-во МЭИ
|d 1972
|
| 215 |
|
|
|a 161 с.
|c табл., ил.
|
| 225 |
1 |
|
|a Труды Московского энергетического института (МЭИ)
|v Вып. 154
|
| 320 |
|
|
|a Библиогр. в конце ст.
|
| 500 |
1 |
0 |
|a Труды Московского энергетического института
|9 88841
|
| 606 |
1 |
|
|a Информационно-измерительная техника
|2 stltpush
|3 (RuTPU)RU\TPU\subj\12913
|9 39613
|
| 610 |
1 |
|
|a цифровые вольтметры
|
| 610 |
1 |
|
|a помехозащищенность
|
| 610 |
1 |
|
|a логические схемы
|
| 610 |
1 |
|
|a проектирование
|
| 610 |
1 |
|
|a быстродействие
|
| 610 |
1 |
|
|a мостовые генераторы
|
| 610 |
1 |
|
|a выходное сопротивление
|
| 610 |
1 |
|
|a расчеты
|
| 610 |
1 |
|
|a нуль-органы
|
| 610 |
1 |
|
|a построение
|
| 610 |
1 |
|
|a фазовые корректоры
|
| 610 |
1 |
|
|a опорные напряжения
|
| 610 |
1 |
|
|a скорость
|
| 610 |
1 |
|
|a колебания
|
| 610 |
1 |
|
|a носители
|
| 610 |
1 |
|
|a измерительные усилители
|
| 610 |
1 |
|
|a интеграторы
|
| 610 |
1 |
|
|a погрешности
|
| 610 |
1 |
|
|a цифровые измерительные устройства
|
| 610 |
1 |
|
|a подстройка частоты
|
| 675 |
|
|
|a 621.391.08
|v 3
|
| 702 |
|
1 |
|a Диденко
|b В. И.
|4 340
|
| 712 |
0 |
2 |
|a Московский энергетический институт
|c (1930-1992)
|3 (RuTPU)RU\TPU\col\20092
|9 27693
|
| 801 |
|
0 |
|a RU
|b 63413507
|c 19950704
|g psbo
|
| 801 |
|
1 |
|a RU
|b 63413507
|c 20060118
|g PSBO
|
| 801 |
|
2 |
|a RU
|b 63413507
|c 20210413
|g PSBO
|
| 942 |
|
|
|c BK
|